Statistiques concernant 30 films les mieux notés par les spectateurs sur Allociné

Cliquez ici pour prendre le quiz!

Statistiques générales

  • Ce quiz a été pris 126 fois
  • Le résultat moyen est 8 sur 30

Statistiques - réponses

ClassementTitre du film% Correct
1erForrest Gump
66%
2èmeLa Ligne verte
60%
4èmeLe Parrain
56%
10èmePulp Fiction
56%
23èmeInterstellar
43%
6èmeLes Evadés
37%
17èmeFight Club
35%
3èmeLa Liste de Schindler
32%
28èmeSeven
30%
24èmeLe Bon, la brute et le truand
28%
8èmeLe Seigneur des anneaux : le retour du roi
27%
12èmeDjango Unchained
26%
29èmeLes Affranchis
26%
14èmeLe Seigneur des anneaux : la communauté de l'anneau
25%
18èmeLe Seigneur des anneaux : les deux tours
25%
20èmeGladiator
23%
13èmeLe Roi Lion
23%
5ème12 hommes en colère
22%
22èmeIl était une fois en Amérique
20%
25èmeIl était une fois dans l'Ouest
19%
27èmeStar Wars, Episode V : l'Empire contre-attaque
17%
21èmeParasite
16%
11èmeGran Torino
15%
15èmeVol au-dessus d'un nid de coucou
15%
7èmeYour Name
12%
19èmeCoco
11%
26èmeLion
8%
9èmeThe Dark Knight, le Chevalier Noir
7%
30èmeBohemian Rhapsody
5%
16èmeGreen Book : Sur les routes du sud
1%

Distribution des résultats

Percentile par nombre de réponses

% des personnes avec chaque résultat

Votre développement - résultats

Vous n’avez pas pris ce quiz